| 000 | 00849nam a22002177a 4500 | ||
|---|---|---|---|
| 003 | BD-DhUL | ||
| 005 | 20181120125344.0 | ||
| 008 | 181113s2003 ii a|||| |||| 00| 0 beg d | ||
| 020 | _a9789381795033 | ||
| 040 |
_aBD-DhUL _cBD-DhUL |
||
| 082 |
_a294.5921 _bGOB |
||
| 100 | _aগোপ, যুধিষ্ঠির | ||
| 245 | 1 | 0 |
_aবৈদিক সাহিত্যের ইতিহাস : _cযুধিষ্ঠির গোপ |
| 250 | _a১ম | ||
| 260 |
_aকলকাতা : _bসংস্কৃত বুক ডিপো, _c২০০৩ ; ২০১৭ |
||
| 300 |
_a[৮], _b২৮০ পৃ. ; _c২১ সেমি. |
||
| 365 |
_aIRS. _b200.0 |
||
| 650 | 0 | _aবৈদিক সাহিত্য - ইতিহাস ও সমালোচনা | |
| 650 | 0 | _avaidik literature - History and critisisom | |
| 942 |
_2ddc _cBK |
||
| 999 |
_c244569 _d244569 |
||